Bd. 1; Handbuch des landwirtschaftlichen Maschinenwesens
| Parent link: | Perels, E. Handbuch des landwirtschaftlichen Maschinenwesens: Für Landwirthe und Maschinentechniker sowie zum Gebrauche an landwirtschaftlichen und technischen Schulen/ Dr. Emil Perels. Bd. 1.— Zweite, vollständig neu bearbeitete Auflage.— .— Jena: Hermann Costenoble, 1880 |
|---|---|
| Zusammenfassung: | Напечатано готическим шрифтом В описании используется грамматика 19 века Раздельная пагинация страниц |
| Sprache: | Deutsch |
| Veröffentlicht: |
1880
|
| Schlagworte: | |
| Format: | Buch |
| KOHA link: | https://koha.lib.tpu.ru/cgi-bin/koha/opac-detail.pl?biblionumber=677288 |
MARC
| LEADER | 00000nam2a2200000 4500 | ||
|---|---|---|---|
| 001 | 677288 | ||
| 005 | 20250109165702.0 | ||
| 090 | |a 677288 | ||
| 100 | |a 20241209d1880 m||y1rusy50 ba | ||
| 101 | 0 | |a ger | |
| 102 | |a DE | ||
| 105 | |a a j 001yy | ||
| 181 | 0 | |a i |b e | |
| 182 | 0 | |a n | |
| 183 | 0 | |a nc |2 RDAcarrier | |
| 200 | 0 | |a Bd. 1 | |
| 203 | |a Текст |b визуальный |c непосредственный | ||
| 210 | |d 1880 | ||
| 215 | |a XVI, 391 S. |c il., XV Taf. | ||
| 283 | |a volume |2 RDAcarrier | ||
| 300 | |a Напечатано готическим шрифтом | ||
| 300 | |a В описании используется грамматика 19 века | ||
| 300 | |a Раздельная пагинация страниц | ||
| 316 | |5 63413507: 3085 |a На форзаце печатный экслибрис: "Библиотека Томского Технологического Института Императора Николая II" | ||
| 316 | |5 63413507: 3085 |a На авантитуле, стр. V, IX, 1 владельческий штамп: "Александр Петрович Кузнецов" | ||
| 316 | |5 63413507: 3085 |a На титульном листе штамп: «Книжный магазин А. Ланг. Москва. Кузнецкий мост №15» | ||
| 317 | |5 63413507: 3085 |a Поступил в НТБ в 1901 г. в составе книжной коллекции в дар от красноярского мецената А. П. Кузнецова | ||
| 320 | |a Verzeichniß der Textfiguren: S. XII-XVI | ||
| 461 | |0 677137 |9 677137 |a Perels, E |t Handbuch des landwirtschaftlichen Maschinenwesens |o Für Landwirthe und Maschinentechniker sowie zum Gebrauche an landwirtschaftlichen und technischen Schulen |f Dr. Emil Perels |e Zweite, vollständig neu bearbeitete Auflage |c Jena |n Hermann Costenoble |d 1880 |v Bd. 1 | ||
| 541 | 1 | |a Справочник по сельскохозяйственному машиностроению |z rus | |
| 606 | 1 | |a Сельскохозяйственное машиностроение |x Оборудование |9 72634 | |
| 610 | 1 | |a сельскохозяйственные машины | |
| 610 | 1 | |a двигатели | |
| 610 | 1 | |a трансмиссия | |
| 610 | 1 | |a механизмы | |
| 610 | 1 | |a немецкий язык | |
| 610 | 1 | |a Коллекция А. П. Кузнецова | |
| 610 | 1 | |a владельческие знаки | |
| 610 | 1 | |a дары библиотеке | |
| 675 | |a 631.3(075.8) |v 4 | ||
| 801 | 0 | |a RU |b 63413507 |c 20241209 | |
| 830 | |a Ретро2024Каталогизация Кузнецова | ||
| 850 | |a 63413507 | ||
| 942 | |c BK | ||